000 00518nam a2200181Ia 4500
999 _c525
_d525
003 OSt
005 20201224124443.0
008 190216s9999||||xx |||||||||||||| ||und||
020 _a9788171510504
040 _coclc
082 _a297.12
_bAHM/T
100 _aAhmed, Nisar
_97858
245 0 _aThe Fundamental Teachings Of Quran And Hadith /
_cNisar Ahmed
260 _bKitab Bhavan,
_aNew Delhi:
_c2009.
300 _a348p
650 _aArabic
942 _cBK
_2ddc
_h297.12
_iAHM/T
_k297.12
_mAHM/T